00225nam a2200097Ia 4500008004100000100001900041245002400060260002700084300000800111650000800119191201s2014 xx 000 0 und d aDHAMDHERE, D M 0aSystems Programming aN. DelhibOxfordc2014 a539 aMCA